Transformaciones del empleo en la Argentina (Registro nro. 4127)

Detalles MARC
000 -LEADER
fixed length control field 02997 a2200433 4500
001 - CONTROL NUMBER
control field 46046
005 - DATE AND TIME OF LATEST TRANSACTION
control field 20260407155733.0
008 - FIXED-LENGTH DATA ELEMENTS--GENERAL INFORMATION
fixed length control field 260407a2010 arg spa d
003 - CONTROL NUMBER IDENTIFIER
control field AR-UNSa-BCEJYS
040 ## - CATALOGING SOURCE
Original cataloging agency AR-UNSa-BCEJYS
Language of cataloging spa
Transcribing agency AR-UNSa-BCEJYS
080 ## - UNIVERSAL DECIMAL CLASSIFICATION NUMBER
Universal Decimal Classification number 331.5(82)
Common auxiliary subdivision Mercado de Trabajo. Empleo en Argentina
020 ## - INTERNATIONAL STANDARD BOOK NUMBER
International Standard Book Number 978-987-1599-43-1
100 1# - MAIN ENTRY--PERSONAL NAME
Personal name Berasueta, Ana Cecilia
245 10 - TITLE STATEMENT
Title Transformaciones del empleo en la Argentina
Name of part/section of a work estructura, dinámica e instituciones
264 #1 - PRODUCTION, PUBLICATION, DISTRIBUTION, MANUFACTURE, AND COPYRIGHT NOTICE
Place of production, publication, distribution, manufacture Buenos Aires :
Name of producer, publisher, distributor, manufacturer Ediciones CICCUS
Date of production, publication, distribution, manufacture, or copyright notice 2010
300 ## - PHYSICAL DESCRIPTION
Extent 316 p.
Dimensions 23 cm.
505 ## - FORMATTED CONTENTS NOTE
Formatted contents note Parte I: El mercado de trabajo argentino: principios agregados y especificidades sectoriales: 1. Transformaciones del mercado de trabajo en la Argentina: 1974-2009 / Julio César Neffa, María Laura Oliveri y Juliana Persia – 2. Aspectos teóricos relevantes para el análisis empírico de la informalidad Argentina / Patricio Narodowski, Demian T. Panigo y Nicolás Dvoskin – 3. ¿Por qué difieren las tasas de desempleo de jóvenes y adultos? Un análisis de transiciones laborales en la Argentina post Convertibilidad / Pablo E. Pérez -4. Ruralidad y mercados de trabajo. Perfil, inserción y remuneraciones de los asalariados en tres provincias de la Argentina / Mariela Blanco, Guillermo Neiman, Germán Quaranta – 5. “Empleo industrial en la post convertibilidad. Una aproximación del período 2003-2008 bajo una mirada de largo plazo” / Paula Español y Germán Herrerra – Parte II: Derechos laborales y políticas de empleo durante la postconvertibilidad: 6. Principales Reformas Normativas en el ámbito laboral. Período 2002/2009 / Eugenio Biaffore, y Ana Berasueta – 7. Políticas de empleo: un análisis en el año del bicentenario / Enrique Deibe, Secretario de Empleo del MTEySS – Parte III: LA macroeconomía del empleo en el corto y largo plazo: 8. El crecimiento del empleo en la Argentina desde la teoría de la regulación. Los cambios generados por la apertura internacional / Julio César Neffa y Emiliano López – 9. El ciclo del empleo y la reproducción del capital en la Argentina de la convertibilidad y la post-convertibilidad / Demian Tupac Panigo, Pablo Ignacio Chena y Ana Inés Garriz -
590 ## - LOCAL NOTE (RLIN)
Local note niveau_biblio:m niveau_hierar:0
700 1# - ADDED ENTRY--PERSONAL NAME
Personal name Panigo, Demián Tupac
700 1# - ADDED ENTRY--PERSONAL NAME
Personal name Neffa, Julio César
700 1# - ADDED ENTRY--PERSONAL NAME
Personal name Biafore, Eugenio
700 1# - ADDED ENTRY--PERSONAL NAME
Personal name Pérez, Pablo Ernesto
700 1# - ADDED ENTRY--PERSONAL NAME
Personal name Blanco, Mariela
700 1# - ADDED ENTRY--PERSONAL NAME
Personal name Chena, Pablo
700 1# - ADDED ENTRY--PERSONAL NAME
Personal name Deibe, Enrique
700 1# - ADDED ENTRY--PERSONAL NAME
Personal name Dvoskin, Nicolás
700 1# - ADDED ENTRY--PERSONAL NAME
Personal name Español, Paula
700 1# - ADDED ENTRY--PERSONAL NAME
Personal name Gárriz, Ana
700 1# - ADDED ENTRY--PERSONAL NAME
Personal name Herrera, Germán
700 1# - ADDED ENTRY--PERSONAL NAME
Personal name López, Emiliano
700 1# - ADDED ENTRY--PERSONAL NAME
Personal name Narodowski, Patricio
700 1# - ADDED ENTRY--PERSONAL NAME
Personal name Neiman, Guillermo
700 1# - ADDED ENTRY--PERSONAL NAME
Personal name Oliveri, María Laura
700 1# - ADDED ENTRY--PERSONAL NAME
Personal name Pérez, Pablo
700 1# - ADDED ENTRY--PERSONAL NAME
Personal name Persia, Juliana
700 1# - ADDED ENTRY--PERSONAL NAME
Personal name Quaranta, Germán
856 41 - ELECTRONIC LOCATION AND ACCESS
Uniform Resource Identifier <a href="https://www.biblioeco.unsa.edu.ar/pmb/images/libros/L127295.jpg">https://www.biblioeco.unsa.edu.ar/pmb/images/libros/L127295.jpg</a>
Link text Imagen de portada
Electronic format type image/jpeg
942 ## - ADDED ENTRY ELEMENTS (KOHA)
Koha item type
Existencias
Withdrawn status Lost status Damaged status Not for loan Home library Current library Shelving location Date acquired Total checkouts Full call number Barcode Date last seen Price effective from Koha item type
        Biblioteca Prof. Eusebio Cleto del Rey Biblioteca Prof. Eusebio Cleto del Rey   07/04/2026   331.5(82) N383 L127295 07/04/2026 07/04/2026 Libro